• 首页
  • 本馆介绍
  • 公告通知
  • 最新文献
  • 馆藏检索
  • 电子资源
  • 读者导购
  • 参考咨询
  • 我的图书馆
  • 登录
  • 详细信息显示
  • 放入我的书架
  • 预约/预借图书
  • 作者相关作品
  • 分类相关作品
  • 丛书相关作品
  • 出版社相关作品

书目信息

  • 表格格式
  • 工作单格式
  • 卡片格式
题名:
机器人+
    
 
作者: 王喜文 著
分册:  
出版信息: 北京   机械工业出版社  2016
页数: 148页
开本: 22cm
丛书名:
单 册:
中图分类: TP24 , TP2
科图分类:
主题词: 自动化技术--Ji Qi Ren Ji Shu , 自动化设备
电子资源:
ISBN: 978-7-111-53387-0
000 01042nam0 2200289 450
001 1676464047
005 20160405081806.0
010    @a978-7-111-53387-0@b精装@dCNY49.00
100    @a20160511d2016 em y0chiy0120 ea
101 0  @achi
102    @aCN@b110000
105    @aak z 000yy
106    @ar
200 1  @a机器人+@AJi Qi Ren +@d= The robot plus@e战略行动路线图@f王喜文著@zeng
210    @a北京@c机械工业出版社@d2016
215    @a148页@c彩图@d22cm
330    @a本书共有三篇,第一篇为“机器人+”时代的到来,第二篇为“机器人+”能加什么?第三篇为“机器人+”行动计划,分别说明了机器人的诞生背景、类型,以及在工业、农业、医疗、教育、生活、交通物流等领域的用途、发展趋势,以及各国在此机器人领域的战略布局。
333    @a大众读者。
510 1  @aRobot plus@zeng
517 1  @a战略行动路线图@AZhan Lue Xing Dong Lu Xian Tu
606 0  @a自动化技术@AJi Qi Ren Ji Shu
606 0  @a自动化设备
690    @aTP24@v5
690    @aTP2@v4
701  0 @a王喜文@AWang Xi Wen@4著
801  0 @aCN@b江苏新华@c20150511
905    @aBZT@dTP2@e3
    
    机器人+= The robot plus:战略行动路线图/王喜文著.-北京:机械工业出版社,2016
    148页:彩图;22cm
    使用对象:大众读者。
    
    ISBN 978-7-111-53387-0(精装):CNY49.00
    本书共有三篇,第一篇为“机器人+”时代的到来,第二篇为“机器人+”能加什么?第三篇为“机器人+”行动计划,分别说明了机器人的诞生背景、类型,以及在工业、农业、医疗、教育、生活、交通物流等领域的用途、发展趋势,以及各国在此机器人领域的战略布局。
●
相关链接 在五车中查询图书 在当当中查询图书 在豆瓣中查询图书


正题名:机器人+     索取号:TP2/3         预约/预借

序号 登录号 条形码 馆藏地/架位号 状态 备注
1 798886   2000798886   第二书库/ [索取号:TP2/3] 在馆    
2 798887   2000798887   第二书库/ [索取号:TP2/3] 在馆    
3 798888   2000798888   第二书库/ [索取号:TP2/3] 在馆    
山东省滨州职业学院图书馆 欢迎您!
大连网信软件有限公司© 版权所有